<?xml version="1.0" encoding="UTF-8"?>
<record
    xmlns:xsi="http://www.w3.org/2001/XMLSchema-instance"
    xsi:schemaLocation="http://www.loc.gov/MARC21/slim http://www.loc.gov/standards/marcxml/schema/MARC21slim.xsd"
    xmlns="http://www.loc.gov/MARC21/slim">

  <leader>00821nam a2200229 a 4500</leader>
  <controlfield tag="001">63840</controlfield>
  <controlfield tag="003">BD-RjUL</controlfield>
  <controlfield tag="005">20211209081235.0</controlfield>
  <controlfield tag="008">040217s1981    kn cf         000 0 eng  </controlfield>
  <datafield tag="035" ind1=" " ind2=" ">
    <subfield code="a">(BD-RjUL)63970</subfield>
  </datafield>
  <datafield tag="040" ind1=" " ind2=" ">
    <subfield code="a">DLC</subfield>
    <subfield code="c">DLC</subfield>
    <subfield code="d">BD-RjUL</subfield>
    <subfield code="b">eng</subfield>
  </datafield>
  <datafield tag="041" ind1="1" ind2=" ">
    <subfield code="a">eng</subfield>
    <subfield code="h">kor</subfield>
  </datafield>
  <datafield tag="082" ind1="0" ind2="0">
    <subfield code="a">370.9519</subfield>
    <subfield code="2">23</subfield>
    <subfield code="b">KIT 1981</subfield>
  </datafield>
  <datafield tag="100" ind1="1" ind2=" ">
    <subfield code="a">Kim, Il-s&#x14F;ng,</subfield>
    <subfield code="d">1912-1994.</subfield>
    <subfield code="9">189393</subfield>
  </datafield>
  <datafield tag="245" ind1="0" ind2="0">
    <subfield code="a">Theses on socialist education :</subfield>
    <subfield code="b">published at the 14th Plenary Meeting of the Fifth Central Committee of the Worker's Party of Korea, September 5, 1977 /</subfield>
    <subfield code="c">Kim Il Sung.</subfield>
  </datafield>
  <datafield tag="260" ind1=" " ind2=" ">
    <subfield code="a">Pyongyang, Korea :</subfield>
    <subfield code="b">Foreign Language Pub. House,</subfield>
    <subfield code="c">1981.</subfield>
  </datafield>
  <datafield tag="300" ind1=" " ind2=" ">
    <subfield code="a">57 p. ;</subfield>
    <subfield code="c">19 cm.</subfield>
  </datafield>
  <datafield tag="650" ind1=" " ind2="0">
    <subfield code="a">Education</subfield>
    <subfield code="z">Korea (North)</subfield>
    <subfield code="9">189544</subfield>
  </datafield>
  <datafield tag="650" ind1=" " ind2="0">
    <subfield code="a">Socialism and education</subfield>
    <subfield code="z">Korea (North)</subfield>
    <subfield code="9">189545</subfield>
  </datafield>
  <datafield tag="942" ind1=" " ind2=" ">
    <subfield code="2">ddc</subfield>
    <subfield code="c">BK</subfield>
  </datafield>
  <datafield tag="999" ind1=" " ind2=" ">
    <subfield code="c">63840</subfield>
    <subfield code="d">63840</subfield>
  </datafield>
  <datafield tag="952" ind1=" " ind2=" ">
    <subfield code="0">0</subfield>
    <subfield code="1">0</subfield>
    <subfield code="2">ddc</subfield>
    <subfield code="4">0</subfield>
    <subfield code="7">1</subfield>
    <subfield code="8">NFIC</subfield>
    <subfield code="a">RUCL</subfield>
    <subfield code="b">RUCL</subfield>
    <subfield code="c">Reading</subfield>
    <subfield code="d">1988-10-09</subfield>
    <subfield code="e">kim ul sung</subfield>
    <subfield code="l">0</subfield>
    <subfield code="o">370.9519 KIT 1981</subfield>
    <subfield code="r">2017-02-04 00:00:00</subfield>
    <subfield code="t">C-1</subfield>
    <subfield code="w">2017-02-04</subfield>
    <subfield code="y">BK</subfield>
  </datafield>
</record>
